|
|
|
|
| LEADER |
00000nab a2200000 a 4500 |
| 001 |
vtls001497036 |
| 003 |
SK-MaSNL |
| 005 |
20260304135836.0 |
| 008 |
250505c2004 xo mr|p|||||||000 b|slo |
| 015 |
|
|
|a SNBRB2005/02
|2 snkbucl
|
| 035 |
|
|
|a (uuid)0744fc16-0004-4ebf-aa6e-9a64f5e8c00d
|
| 035 |
|
|
|a urn:nbn:sk:snk-abuj2
|
| 035 |
|
|
|a (urnnbn)urn:nbn:sk:snk:ar-a05eh2
|
| 038 |
|
|
|a SNKBUCL
|
| 040 |
|
|
|a SNKBUCL
|b slo
|c SNKBUCL
|e AACR2
|
| 041 |
0 |
|
|a slo
|
| 044 |
|
|
|a xo
|c SK
|
| 080 |
|
|
|a 004.451.9Linux
|2 1997
|
| 100 |
1 |
|
|a Oravec, Miroslav
|4 aut
|9 593256
|
| 245 |
1 |
0 |
|a Linux prakticky
|b ako server aj desktop
|n 15. časť
|c Miroslav Oravec
|
| 500 |
|
|
|a Pokračovanie
|
| 630 |
0 |
7 |
|a Linux
|2 snkbucl
|9 1422444
|
| 650 |
0 |
7 |
|a servery
|2 snkbucl
|9 1857
|
| 650 |
0 |
7 |
|a desktopy
|2 snkbucl
|9 1224744
|
| 650 |
0 |
7 |
|a operačné systémy
|2 snkbucl
|9 2069
|
| 773 |
0 |
|
|t PC revue
|g Roč. XII, č. 11 (2004), s. 150-153
|x 1335-0226
|
| 850 |
|
|
|a Slovenská národná knižnica
|
| 852 |
|
|
|a Slovenská národná knižnica
|
| 954 |
|
|
|a odborná, vedecká literatúra pôvodná (slovenská)
|2 lita
|
| 958 |
|
|
|a article27
|
| 958 |
|
|
|a OND
|
| 958 |
|
|
|a EUIPO
|
| 999 |
|
|
|c 2912439
|d 2914369
|